Možnosti odluky financovania cirkvi od štátu vo svete zahraničných skúseností bakalárska práca

Salvato in:
Dettagli Bibliografici
Autore principale: Klačanská, Henrieta
Ente Autore: Národohospodárska fakulta EU. Katedra financií
Altri autori: Bartalosová, Erika, 1986-
Natura: Libro
Lingua:slovacco
Pubblicazione: Bratislava 2017
Tags: Aggiungi Tag
Nessun Tag, puoi essere il primo ad aggiungerne!!

MARC

LEADER 00000nbm a2200000 4500
001 0233695
005 20171107095027.5
041 0 |a slo 
044 |a SK 
245 1 0 |a Možnosti odluky financovania cirkvi od štátu vo svete zahraničných skúseností  |b bakalárska práca  |c Henrieta Klačanská ; školiteľ: Erika Bartalosová 
264 1 |a Bratislava  |c 2017 
300 |a 54 s. 
100 1 |a Klačanská, Henrieta 
700 1 |a Bartalosová, Erika, 1986- 
710 2 |a Národohospodárska fakulta EU. Katedra financií